12 Most Famous Cities in El Salvador on a Map - Statistics

General Stats
  • This quiz has been taken 77 times
  • The average score is 6 of 12
Answers on the Map
Answers color-coded by a green-red scale on the quiz's map according to % correct below.
 
Answer Stats
Wiki Monthly Views Cityquiz Mention Rate Population Answers % Correct
48.59K 34.71% 334.42K San Salvador
100%
6.68K 4.68% 201.90K Santa Ana
75%
7.50K 6.27% 152.90K San Miguel
74%
2.17K 0.22% 16.91K La Unión
42%
2.43K 0.44% 258.36K Soyapango
40%
2.14K 0.25% 43.40K Usulután
40%
3.93K 0.65% 113.70K Santa Tecla
39%
2.39K 0.14% 11.71K La Libertad
33%
3.52K 0.22% 43.17K Sonsonate
33%
2.32K 0.11% 13.95K Chalatenango
32%
2.75K 0.28% 58.39K Ahuachapán
30%
2.30K 0.95% 34.93K San Vicente
28%
No matching quizzes found
Score Distribution
Percent of People with Each Score
Percentile by Number Answered
Your Score History
You have not taken this quiz